[Event "Moscow Aeroflot op-C"]
[Site "Moscow"]
[Date "2006.02.11"]
[Round "5"]
[White "Voicu Jagodzinsky, Carmen"]
[Black "Gurcan, Selim"]
[Result "1/2-1/2"]
[WhiteElo "2265"]
[BlackElo "2238"]
[PlyCount "28"]
[EventDate "2006.02.07"]
[EventType "swiss"]
[EventRounds "9"]
[EventCountry "RUS"]
[SourceTitle "EXT 2007"]
[Source "ChessBase"]
[SourceDate "2006.11.23"]
[SourceVersion "1"]
[SourceVersionDate "2006.11.23"]
[SourceQuality "1"]

1. e4 c5 2. Nf3 e6 3. d4 cxd4 4. Nxd4 Bc5 5. Nb3 Bb6 6. Nc3 Ne7 7. Bd3 0-0 8. Qh5 Nbc6 9. Bg5 Ne5 10. f4 Nxd3+ 11. cxd3 f6 12. Bh4 d5 13. Qe2 Bd7 14. Bf2 Bc6 1/2-1/2

[Event "Moscow Aeroflot op-C"]
[Site "Moscow"]
[Date "2006.02.09"]
[Round "3"]
[White "Zilbert, Oleg"]
[Black "Gurcan, Selim"]
[Result "1-0"]
[WhiteElo "2354"]
[BlackElo "2238"]
[PlyCount "120"]
[EventDate "2006.02.07"]
[EventType "swiss"]
[EventRounds "9"]
[EventCountry "RUS"]
[SourceTitle "EXT 2007"]
[Source "ChessBase"]
[SourceDate "2006.11.23"]
[SourceVersion "1"]
[SourceVersionDate "2006.11.23"]
[SourceQuality "1"]

1. e4 c5 2. Nf3 d6 3. Bb5+ Bd7 4. Bxd7+ Qxd7 5. 0-0 Nf6 6. e5 dxe5 7. Nxe5 Qd6 8. Nc4 Qd7 9. Ne5 Qd6 10. Nc4 Qd7 11. a4 Nc6 12. Re1 e6 13. Ra3 Be7 14. Rg3 0-0 15. d3 Nd4 16. b3 Rfd8 17. Nbd2 Rac8 18. Nf3 Nf5 19. Rh3 Nd5 20. g4 Nd4 21. Nfe5 Qc7 22. g5 g6 23. Qg4 Bf8 24. Bb2 Nxc2 25. Rxh7 Kxh7 26. Nxg6 fxg6 27. Qh3+ Kg8 28. Qh8+ Kf7 29. Qh7+ Ke8 30. Rxe6+ Qe7 31. Qxg6+ Kd7 32. Rxe7+ Nxe7 33. Qd6+ Ke8 34. Qe5 Rd5 35. Qe2 Nd4 36. Qh5+ Kd7 37. f4 Bg7 38. Kg2 Rf5 39. Qh7 Bh8 40. Ne3 Rff8 41. f5 Rg8 42. h4 Rcf8 43. Kh3 Be5 44. Bxd4 cxd4 45. f6 Rxf6 46. Qe4 Nc6 47. Nf5 Rff8 48. b4 Bc7 49. b5 Ne5 50. Qd5+ Kc8 51. Ne7+ Kb8 52. Nxg8 Nxd3 53. Qxd4 Nf4+ 54. Kg4 Rxg8 55. Qe4 Ng6 56. h5 Ne5+ 57. Kh4 Kc8 58. a5 Rf8 59. a6 Nf3+ 60. Kg4 Nh2+ 1-0

[Event "EU-Cup 20th"]
[Site "Izmir"]
[Date "2004.10.06"]
[Round "4.5"]
[White "Movsesian, Sergei"]
[Black "Gurcan, Selim"]
[Result "1-0"]
[WhiteElo "2629"]
[BlackElo "2290"]
[PlyCount "77"]
[EventDate "2004.10.03"]
[EventType "team-swiss"]
[EventRounds "7"]
[EventCountry "TUR"]
[SourceTitle "CBM 104"]
[Source "ChessBase"]
[SourceDate "2005.01.27"]
[SourceVersion "1"]
[SourceVersionDate "2005.01.27"]
[SourceQuality "1"]
[WhiteTeam "Sarajevo Bosna"]
[BlackTeam "Istanbul Eczacibasi"]
[WhiteTeamCountry "BIH"]
[BlackTeamCountry "TUR"]

1. e4 c5 2. Nf3 e6 3. d4 cxd4 4. Nxd4 Bc5 5. Nb3 Bb6 6. Nc3 Ne7 7. Bd3 0-0 8. Qe2 Nbc6 9. Bf4 d5 10. Qh5 Ng6 11. Bg3 f5 12. exf5 exf5 13. 0-0-0 Be6 14. Rhe1 Qf6 15. f4 Rac8 16. Kb1 Na5 17. Qf3 Rfd8 18. Na4 Nc4 19. c3 Nd6 20. Nxb6 axb6 21. Bf2 Ne4 22. Bxb6 Rd6 23. Bd4 Qf7 24. g3 Ne7 25. Qe3 Nc6 26. Rc1 Rdd8 27. Rg1 Rb8 28. h3 b5 29. a3 h6 30. g4 g6 31. Nc5 Nxc5 32. Bxc5 d4 33. cxd4 Ba2+ 34. Ka1 Re8 35. Qd2 Kh7 36. gxf5 gxf5 37. Qc2 Na5 38. Bxf5+ Kh8 39. d5 1-0

[Event "EU-Cup 20th"]
[Site "Izmir"]
[Date "2004.10.04"]
[Round "2.5"]
[White "Gurcan, Selim"]
[Black "Greenfeld, Alon"]
[Result "1/2-1/2"]
[WhiteElo "2290"]
[BlackElo "2547"]
[PlyCount "55"]
[EventDate "2004.10.03"]
[EventType "team-swiss"]
[EventRounds "7"]
[EventCountry "TUR"]
[SourceTitle "CBM 104"]
[Source "ChessBase"]
[SourceDate "2005.01.27"]
[SourceVersion "1"]
[SourceVersionDate "2005.01.27"]
[SourceQuality "1"]
[WhiteTeam "Istanbul Eczacibasi"]
[BlackTeam "Beer Sheva"]
[WhiteTeamCountry "TUR"]
[BlackTeamCountry "ISR"]

1. e4 c5 2. a3 g6 3. b4 Bg7 4. Nc3 d6 5. bxc5 dxc5 6. f4 Nf6 7. Rb1 0-0 8. Nf3 Nc6 9. Bc4 Nd4 10. d3 Bg4 11. 0-0 Ne8 12. Ne2 Nd6 13. Nexd4 Bxd4+ 14. Kh1 Nxc4 15. dxc4 b6 16. h3 Bxf3 17. Qxf3 Bg7 18. Rd1 Qc7 19. Rb3 Rad8 20. Rbd3 Rd4 21. Qe2 Rfd8 22. e5 f6 23. Bb2 Rxd3 24. Rxd3 Rxd3 25. Qxd3 fxe5 26. Qd5+ e6 27. Qxe6+ Qf7 28. Qc8+ 1/2-1/2

[Event "Izmir op"]
[Site "Izmir"]
[Date "2003.09.03"]
[Round "9"]
[White "Akcan, Umit"]
[Black "Gurcan, Selim"]
[Result "0-1"]
[WhiteElo "2187"]
[BlackElo "2307"]
[PlyCount "96"]
[EventDate "2003.08.25"]
[EventType "swiss"]
[EventRounds "9"]
[EventCountry "TUR"]
[SourceTitle "EXT 2004"]
[Source "ChessBase"]
[SourceDate "2003.11.25"]
[SourceVersion "1"]
[SourceVersionDate "2003.11.25"]
[SourceQuality "1"]

1. d4 Nf6 2. Nc3 d5 3. Bg5 Nbd7 4. f3 c6 5. e4 dxe4 6. fxe4 e5 7. dxe5 Qa5 8. Bxf6 gxf6 9. e6 fxe6 10. Bc4 Nb6 11. Bb3 Qg5 12. Qe2 Rg8 13. g3 Bc5 14. Nf3 Qh6 15. Rf1 Bd7 16. e5 f5 17. Nd2 0-0-0 18. 0-0-0 Nd5 19. Nxd5 exd5 20. Kb1 Rg4 21. c4 dxc4 22. Nxc4 Re8 23. Rxd7 Kxd7 24. Rxf5 Rg6 25. e6+ Rgxe6 26. Ne5+ Kc8 27. Bxe6+ Qxe6 28. Qf3 Bd4 29. Nd3 Qe2 30. Rf8 Qxf3 31. Rxf3 Re2 32. h4 c5 33. Nxc5 Rxb2+ 34. Kc1 Rf2 35. Rxf2 Bxf2 36. Ne4 Bd4 37. Nd6+ Kd7 38. Nf5 Bf2 39. Kd2 Ke6 40. g4 b5 41. Ke2 Bc5 42. Kd3 Ke5 43. Ng7 Bf2 44. Kc3 Be1+ 45. Kb3 a5 46. Nf5 a4+ 47. Kc2 Kf4 48. Nd4 b4 0-1

[Event "Izmir op"]
[Site "Izmir"]
[Date "2003.09.01"]
[Round "7"]
[White "Gogochuri, Levan"]
[Black "Gurcan, Selim"]
[Result "1-0"]
[WhiteElo "2155"]
[BlackElo "2307"]
[PlyCount "51"]
[EventDate "2003.08.25"]
[EventType "swiss"]
[EventRounds "9"]
[EventCountry "TUR"]
[SourceTitle "EXT 2004"]
[Source "ChessBase"]
[SourceDate "2003.11.25"]
[SourceVersion "1"]
[SourceVersionDate "2003.11.25"]
[SourceQuality "1"]

1. d4 Nf6 2. Nf3 g6 3. g3 Bg7 4. Bg2 0-0 5. c4 d6 6. Nc3 Nc6 7. 0-0 a6 8. h3 Bd7 9. e4 e5 10. dxe5 dxe5 11. b3 h6 12. Bb2 Be6 13. Qe2 Nh7 14. Rad1 Qc8 15. Nd5 Ng5 16. Nxe5 Bxd5 17. Rxd5 Nxe5 18. Bxe5 Bxe5 19. Rxe5 Nxh3+ 20. Kh2 Ng5 21. f4 Ne6 22. Bh3 Re8 23. Rd1 c6 24. c5 f6 25. Rxe6 Rxe6 26. Qc4 1-0

[Event "Izmir op"]
[Site "Izmir"]
[Date "2003.08.27"]
[Round "3"]
[White "Izoria, Zviad"]
[Black "Gurcan, Selim"]
[Result "1-0"]
[WhiteElo "2541"]
[BlackElo "2307"]
[PlyCount "87"]
[EventDate "2003.08.25"]
[EventType "swiss"]
[EventRounds "9"]
[EventCountry "TUR"]
[SourceTitle "EXT 2004"]
[Source "ChessBase"]
[SourceDate "2003.11.25"]
[SourceVersion "1"]
[SourceVersionDate "2003.11.25"]
[SourceQuality "1"]

1. Nf3 d5 2. d4 Nf6 3. c4 c6 4. Nc3 a6 5. a4 e6 6. Bg5 Bb4 7. e3 Nbd7 8. cxd5 exd5 9. Bd3 a5 10. 0-0 Be7 11. Qc2 0-0 12. h3 Re8 13. Rae1 Nf8 14. Ne5 N6d7 15. Bxe7 Rxe7 16. f4 f6 17. Nf3 Nb8 18. f5 Na6 19. Bxa6 Rxa6 20. e4 dxe4 21. Nxe4 Bxf5 22. Nxf6+ gxf6 23. Qxf5 Rg7 24. Kh1 Ra8 25. Re4 b6 26. Nh2 Rg5 27. Qf3 f5 28. Re5 Qxd4 29. Qb3+ Kh8 30. Nf3 Qf4 31. Qxb6 Rg6 32. Rxa5 Rb8 33. Qf2 Rd6 34. Nh4 Qxf2 35. Rxf2 Rd1+ 36. Kh2 Rb1 37. Raxf5 Ne6 38. Rf6 Nc5 39. Rxc6 Nd3 40. Rd2 Ne5 41. Rc5 Re1 42. Rcd5 Kg7 43. Nf5+ Kg6 44. Ne7+ 1-0

[Event "EU-ch 3rd"]
[Site "Batumi"]
[Date "2002.06.26"]
[Round "13"]
[White "Chibukhchian, Artur"]
[Black "Gurcan, Selim"]
[Result "1/2-1/2"]
[WhiteElo "2379"]
[BlackElo "2283"]
[PlyCount "265"]
[EventDate "2002.06.12"]
[EventType "swiss"]
[EventRounds "13"]
[EventCountry "GEO"]
[SourceTitle "CBM 090"]
[Source "ChessBase"]
[SourceDate "2002.09.20"]
[SourceVersion "1"]
[SourceVersionDate "2002.09.20"]
[SourceQuality "1"]

1. d4 Nf6 2. Nc3 d5 3. Bg5 Nbd7 4. Nf3 g6 5. Qd3 Bg7 6. e4 dxe4 7. Nxe4 0-0 8. 0-0-0 c5 9. Bxf6 exf6 10. Nxc5 Nxc5 11. dxc5 Qa5 12. a3 Qxc5 13. Qd4 Qa5 14. Bc4 Bf5 15. g4 Rad8 16. Qf4 Bd7 17. Rhe1 Bc6 18. Rxd8 Qxd8 19. Rd1 Qb6 20. Nd4 Bd7 21. Nf5 Bxf5 22. gxf5 Rd8 23. Rxd8+ Qxd8 24. Qe4 Qc7 25. Bd5 b6 26. fxg6 hxg6 27. Qxg6 Qd7 28. Qe4 f5 29. Qc4 Be5 30. h4 Kg7 31. Kb1 Kf6 32. a4 Qc7 33. Qb3 Qd7 34. h5 Kg7 35. Ka2 Bf4 36. Qc4 Be5 37. Kb3 Qe7 38. c3 Bd6 39. Qd4+ Be5 40. Qc4 Bd6 41. f3 Be5 42. Qc6 Bc7 43. Qc4 Be5 44. Qc8 Qf6 45. Qd7 a5 46. Kc4 Bg3 47. Kb5 Bf2 48. Qc6 Qe7 49. Bc4 Be3 50. Bd5 Bf2 51. b4 Qe2+ 52. Qc4 Qe8+ 53. Qc6 Qe2+ 54. Bc4 Qe5+ 55. Ka6 Qxc3 56. Qd5 Qf6 57. b5 Be3 58. Qd7 Bc5 59. f4 Be3 60. Qc7 Bc5 61. Bd5 Bd4 62. Bc4 Bc5 63. Qd7 Be3 64. Qc6 Bd4 65. Qe8 Bc5 66. Bd5 Bd4 67. Qe2 Kh6 68. Bf3 Qd6 69. Qd2 Qf6 70. Qg2 Qg7 71. Qc2 Qf6 72. Qc6 Kg7 73. Bd5 Be3 74. Qe8 Bc5 75. h6+ Kxh6 76. Bxf7 Kg7 77. Bd5 Kh6 78. Be6 Kg7 79. Qd7+ Kg6 80. Qc8 Bd4 81. Qc6 Bc5 82. Qd7 Bf2 83. Bg8 Kh5 84. Qd1+ Kg6 85. Qf3 Bc5 86. Qg2+ Kh6 87. Qh3+ Kg7 88. Qh7+ Kf8 89. Bc4 Be3 90. Qc7 Bc5 91. Bd3 Be3 92. Bc4 Bc5 93. Bd5 Be3 94. Bc6 Bc5 95. Bd7 Be3 96. Bc8 Bc5 97. Qh7 Be3 98. Qb7 Bc5 99. Qd5 Be3 100. Be6 Bc5 101. Bxf5 Qf7 102. Qe5 Qg7 103. Qe4 Qe7 104. Be6 Kg7 105. Qe5+ Qf6 106. Qc7+ Kh6 107. Bg8 Kh5 108. Bc4 Qf5 109. Be2+ Kh4 110. Qd8+ Kh3 111. Bf1+ Kh2 112. Qh4+ Kg1 113. Bh3 Qe4 114. Qg3+ Kh1 115. Ka7 Qe7+ 116. Ka6 Qe4 117. Qg8 Kh2 118. Bf1 Qf3 119. Qg2+ Qxg2 120. Bxg2 Kxg2 121. f5 Kf3 122. f6 Ke4 123. f7 Kd5 124. f8Q Bxf8 125. Kxb6 Bc5+ 126. Kxa5 Kd6 127. Ka6 Kc7 128. a5 Kb8 129. b6 Bf2 130. Kb5 Bg1 131. a6 Bxb6 132. Kxb6 Ka8 133. a7 1/2-1/2

[Event "EU-ch 3rd"]
[Site "Batumi"]
[Date "2002.06.18"]
[Round "7"]
[White "Atakisi, Umut"]
[Black "Gurcan, Selim"]
[Result "1/2-1/2"]
[WhiteElo "2358"]
[BlackElo "2283"]
[PlyCount "25"]
[EventDate "2002.06.12"]
[EventType "swiss"]
[EventRounds "13"]
[EventCountry "GEO"]
[SourceTitle "CBM 090"]
[Source "ChessBase"]
[SourceDate "2002.09.20"]
[SourceVersion "1"]
[SourceVersionDate "2002.09.20"]
[SourceQuality "1"]

1. e4 c5 2. Nf3 d6 3. d4 cxd4 4. Nxd4 Nf6 5. Nc3 a6 6. Bg5 e6 7. f4 b5 8. e5 dxe5 9. fxe5 Qc7 10. exf6 Qe5+ 11. Be2 Qxg5 12. 0-0 Bb7 13. Bf3 1/2-1/2

[Event "EU-ch 3rd"]
[Site "Batumi"]
[Date "2002.06.13"]
[Round "2"]
[White "Arutinian, David"]
[Black "Gurcan, Selim"]
[Result "1-0"]
[WhiteElo "2427"]
[BlackElo "2283"]
[PlyCount "81"]
[EventDate "2002.06.12"]
[EventType "swiss"]
[EventRounds "13"]
[EventCountry "GEO"]
[SourceTitle "CBM 090"]
[Source "ChessBase"]
[SourceDate "2002.09.20"]
[SourceVersion "1"]
[SourceVersionDate "2002.09.20"]
[SourceQuality "1"]

1. e4 c5 2. Nf3 d6 3. d4 cxd4 4. Nxd4 Nf6 5. Nc3 e6 6. Be2 a6 7. 0-0 Be7 8. f4 Qc7 9. Be3 b5 10. Bf3 Bb7 11. e5 dxe5 12. Bxb7 Qxb7 13. fxe5 Nfd7 14. Qg4 g6 15. Qf4 Rf8 16. a4 g5 17. Qe4 Qxe4 18. Nxe4 b4 19. Nxg5 Bxg5 20. Bxg5 Nxe5 21. Rae1 Nbc6 22. Nf5 f6 23. Ng7+ Ke7 24. Bh4 Rf7 25. Nh5 Nd7 26. g4 Raf8 27. Re4 a5 28. Rfe1 e5 29. Rd1 Rc8 30. Ng3 Kf8 31. Nf5 Nc5 32. Rc4 Nb7 33. Nh6 Rfc7 34. Bxf6 Nd4 35. Rxc7 Rxc7 36. Rf1 Ne2+ 37. Kf2 Rxc2 38. Ke3 Nc5 39. Bxe5+ Ke7 40. Rf2 Ke6 41. Bg7 1-0

[Event "Olympiad-34"]
[Site "Istanbul"]
[Date "2000.11.08"]
[Round "11.3"]
[White "Zeidler, Sven P"]
[Black "Gurcan, Selim"]
[Result "1-0"]
[WhiteElo "2255"]
[BlackElo "2295"]
[PlyCount "61"]
[EventDate "2000.10.28"]
[EventType "team-swiss"]
[EventRounds "14"]
[EventCountry "TUR"]
[SourceTitle "EXT 2001"]
[Source "ChessBase"]
[SourceDate "2000.11.22"]
[SourceVersion "1"]
[SourceVersionDate "2000.11.22"]
[SourceQuality "1"]
[WhiteTeam "Wales"]
[BlackTeam "Turkey"]
[WhiteTeamCountry "WLS"]
[BlackTeamCountry "TUR"]

1. e4 c5 2. Nc3 Nc6 3. Bb5 Nd4 4. Bc4 e6 5. Nge2 Nf6 6. 0-0 d5 7. exd5 exd5 8. Nxd4 dxc4 9. Nf3 Be7 10. Re1 Bf5 11. Ne5 Qc7 12. Nb5 Qd8 13. Nxc4 0-0 14. d3 a6 15. Nc3 Qc7 16. Qf3 Be6 17. Bf4 Qd8 18. Qxb7 Nd7 19. Na4 Bg5 20. Bxg5 Qxg5 21. Rxe6 fxe6 22. Qxd7 Rf6 23. Qc6 Raf8 24. Qxc5 Qg4 25. Nc3 Qh4 26. Rf1 Rh6 27. Qe5 Rh5 28. Qxe6+ Kh8 29. h3 Rhf5 30. Ne4 h6 31. Ne5 1-0

[Event "Olympiad-34"]
[Site "Istanbul"]
[Date "2000.10.28"]
[Round "1.3"]
[White "Yermolinsky, Alex"]
[Black "Gurcan, Selim"]
[Result "1/2-1/2"]
[WhiteElo "2596"]
[BlackElo "2295"]
[PlyCount "83"]
[EventDate "2000.10.28"]
[EventType "team-swiss"]
[EventRounds "14"]
[EventCountry "TUR"]
[SourceTitle "EXT 2001"]
[Source "ChessBase"]
[SourceDate "2000.11.22"]
[SourceVersion "1"]
[SourceVersionDate "2000.11.22"]
[SourceQuality "1"]
[WhiteTeam "United States"]
[BlackTeam "Turkey"]
[WhiteTeamCountry "USA"]
[BlackTeamCountry "TUR"]

1. d4 Nf6 2. c4 g6 3. Nc3 Bg7 4. e4 d6 5. Nf3 0-0 6. Be2 e5 7. 0-0 Nc6 8. d5 Ne7 9. Ne1 Nd7 10. Be3 f5 11. f3 f4 12. Bf2 g5 13. Rc1 Rf6 14. Nd3 Rh6 15. Be1 a6 16. b4 Nf6 17. Nf2 Rg6 18. c5 h5 19. h3 Bh6 20. Rc2 Rg7 21. a4 Ng6 22. a5 Nh4 23. cxd6 cxd6 24. Na4 g4 25. hxg4 hxg4 26. Nxg4 Nxg4 27. fxg4 Bg5 28. Nb6 Rb8 29. Rc3 Rh7 30. Bf2 Bd7 31. Rh3 Qf6 32. Bxh4 Bxh4 33. g3 Bxg3 34. Nxd7 Rxd7 35. Rxg3 Qh4 36. Rg2 Rh7 37. Bf3 Rc8 38. Qd2 Qh1+ 39. Kf2 Qh4+ 40. Kg1 Qh1+ 41. Kf2 Qh4+ 42. Kg1 1/2-1/2